000 01592nam0a2200373 4500
001 RU\NLR\bibl\228829
005 20250619110411.0
010 _a5-7904-0083-3
_9300
021 _aRU
_b2001-51052
_92469
035 _a(NLR Aleph) 000224811
090 _a1307423
_c1307423
100 _a20020129d2001 |||y0rusy50 ca
101 0 _arus
102 _aRU
105 _ay |||||||||
200 1 _aСоциальное воспроизводство казачества: основные закономерности и тенденции
_fВ.А. Дорофеев
_gМ-во образования Рос. Федерации, Алт. гос. ун-т, Учеб.-науч.-произв. комплекс "Социология, психология и соц. работа"
210 _aБарнаул
_cИзд-во Алт. гос. ун-та
_d2001
215 _a128 с.
_d21
320 _aБиблиогр.: с. 118-125
606 0 _aКазачество
_xИсторико-социологические исследования
_92238142
_3RU\NLR\auth\661343114
606 0 _aКазачество - Социологические исследования
675 _a316.35.023.6(47+57)казаки
_v3
_zrus
686 _a04
_2rugasnti
686 _a63.3(2)-2
_2rubbk
686 _aТ3(2)0-294
686 _aС550.321
700 1 _aДорофеев
_bВ. А.
_gВиктор Александрович
_4070
801 0 _aRU
_bRKP
_c20020129
_gPSBO
801 1 _aRU
_bRKP
_c20020129
801 2 _aRU
_bNLR
_c20020404
_grcr
942 _cBOOK
980 _aNB
980 _aNBR